[Event "17e tournoi d'automne - tournoi B"]
[Site "Montigny le Bretonneux"]
[Date "2018.10.20"]
[Round "1.1"]
[White "Sagon, Lancelot"]
[Black "Fayolle, Guy"]
[Result "0-1"]
[WhiteElo "1673"]
[BlackElo "1677"]
[Annotator "Rivier,Sylvain"]
[PlyCount "72"]
[EventDate "2018.??.??"]

{Partie italienne} 1. e4 e5 2. Nf3 Nc6 3. Bc4 Nf6 4. d3 Bc5 5. Be3 Bb6 6. Nc3
d6 7. O-O Bg4 8. h3 Bh5 9. Bd5 Nd4 10. Bxd4 exd4 11. Na4 Nxd5 12. exd5 O-O 13.
Re1 Ba5 14. c3 dxc3 15. Nxc3 Qf6 16. d4 Rfe8 17. Re3 Rxe3 18. fxe3 Re8 19. Qe2
Bxf3 20. gxf3 Qg5+ 21. Kf2 Bxc3 22. bxc3 Qxd5 23. Rg1 Re6 24. c4 Rh6 25. Rg3
Qh5 26. Qd3 Qa5 27. a3 d5 28. cxd5 Qxd5 29. Qd2 Ra6 30. e4 Qd6 31. Qb2 Rxa3 32.
e5 Qa6 33. Qc1 Qd3 34. Qb2 Rc3 35. Kg1 Rc2 36. Qxb7 Qd1# 0-1

[Event "17e tournoi d'automne - tournoi B"]
[Site "Montigny le Bretonneux"]
[Date "2018.10.20"]
[Round "1.2"]
[White "Couronne, Patrice"]
[Black "Gazay, Didier"]
[Result "1-0"]
[WhiteElo "1614"]
[BlackElo "1657"]
[Annotator "Rivier,Sylvain"]
[PlyCount "89"]
[EventDate "2018.??.??"]

{D�fense hollandaise, variante principale} 1. d4 e6 2. c4 f5 3. Nf3 Nf6 4. Nc3
d6 5. g3 Be7 6. Bg2 O-O 7. O-O c6 8. Bg5 Qc7 9. Re1 d5 10. cxd5 exd5 11. Rc1
Qd8 12. Na4 Bb4 13. Nc3 Qe8 14. a3 Bd6 15. Nd2 Qg6 16. Bxf6 Qxf6 17. Nb3 f4 18.
Rf1 Qh6 19. Na5 b6 20. Nxc6 Kh8 21. Nxb8 Rxb8 22. Nb5 a6 23. Nxd6 Qxd6 24. Qb3
Be6 25. Rc3 g5 26. Rfc1 Bg8 27. Rc6 Qd8 28. Qb4 Qe8 29. Rxb6 Rxb6 30. Qxb6 fxg3
31. hxg3 Qxe2 32. Rf1 g4 33. Qd6 Rf5 34. b4 Qd3 35. Qc5 Qd2 36. a4 Qg5 37. b5
axb5 38. Qxb5 Rf6 39. Re1 Rh6 40. Qe8 Rf6 41. Qe5 Qg6 42. Bxd5 Bxd5 43. Qxd5
Qc2 44. Re8+ Kg7 45. Rg8+ 1-0

[Event "17e tournoi d'automne - tournoi B"]
[Site "Montigny le Bretonneux"]
[Date "2018.10.20"]
[Round "1.3"]
[White "Branson, James"]
[Black "Vadillo, Torre Ismael"]
[Result "1/2-1/2"]
[WhiteElo "1582"]
[BlackElo "1622"]
[Annotator "Rivier,Sylvain"]
[PlyCount "125"]
[EventDate "2018.??.??"]

{Gambit du roi} 1. e4 e5 2. f4 Bc5 3. Nf3 d6 4. Bc4 Nf6 5. Nc3 Nc6 6. h3 h6 7.
g4 Be6 8. Bb5 a6 9. Bxc6+ bxc6 10. d4 Bb4 11. Qd3 d5 12. dxe5 Nxe4 13. O-O Bxc3
14. bxc3 g6 15. Ba3 h5 16. g5 Bxh3 17. Rfd1 Bg4 18. Qe3 Qd7 19. c4 Bh3 20. Nh2
Bg4 21. Rd4 Qe6 22. Rb1 Nd6 23. Bxd6 cxd6 24. cxd5 cxd5 25. Rb6 Rd8 26. Qb3 O-O
27. Rxd5 Qe7 28. Nxg4 hxg4 29. Rdxd6 Rxd6 30. Rxd6 Qa7+ 31. Qb6 Qa8 32. Qc6
Qa7+ 33. Kg2 Qe3 34. Qd5 Qxf4 35. Rxg6+ Kh7 36. Rh6+ Kg7 37. e6 fxe6 38. Qb7+
Rf7 39. Qb2+ Rf6 40. Rxf6 Qxf6 41. Qb7+ Kg6 42. Qxa6 Qf3+ 43. Kg1 Qd1+ 44. Qf1
Qd4+ 45. Qf2 Qa1+ 46. Kg2 Kxg5 47. c4 Qc3 48. c5 e5 49. a4 e4 50. Qe2 Qh3+ 51.
Kg1 Qg3+ 52. Qg2 Qe3+ 53. Qf2 Qc1+ 54. Kg2 e3 55. Qf8 Qc2+ 56. Kg3 Qe2 57. Qf4+
Kg6 58. Qxg4+ Kh7 59. Qh5+ Kg8 60. Qe8+ Kh7 61. Qe5 Qd1 62. Qe7+ Kg6 63. Qe6+
1/2-1/2

[Event "17e tournoi d'automne - tournoi B"]
[Site "Montigny le Bretonneux"]
[Date "2018.10.20"]
[Round "1.4"]
[White "Flamand, Arthur"]
[Black "Couradin, Jean-Marie"]
[Result "0-1"]
[WhiteElo "1495"]
[BlackElo "1613"]
[Annotator "Rivier,Sylvain"]
[PlyCount "79"]
[EventDate "2018.??.??"]

{Ouverture Bird} 1. f4 d5 2. e3 g6 3. Nf3 Bg7 4. d4 Nf6 5. Bd3 Bg4 6. h3 Bxf3
7. Qxf3 c6 8. Nd2 Nbd7 9. c4 e6 10. c5 b6 11. b4 bxc5 12. bxc5 Rb8 13. Nb3 O-O
14. Bd2 Qe7 15. Ba5 Ne8 16. O-O Ndf6 17. Rab1 Nc7 18. Be1 Rb7 19. Bh4 Rfb8 20.
Rbe1 Qd7 21. g4 Rb4 22. f5 exf5 23. gxf5 Nh5 24. fxg6 fxg6 25. Qg4 Qe8 26. Rf3
Ne6 27. Ref1 R4b7 28. Na5 Rb2 29. Rf7 Nef4 30. Re7 Rg2+ 31. Qxg2 Nxg2 32. Rxe8+
Rxe8 33. Kxg2 Rxe3 34. Rf3 Rxd3 35. Nxc6 Rd2+ 36. Rf2 Rd3 37. Rc2 Nf4+ 38. Kf1
Rxh3 39. Bf2 Rh1+ 40. Bg1 {suite illisible} 0-1

[Event "17e tournoi d'automne - tournoi B"]
[Site "Montigny le Bretonneux"]
[Date "2018.10.20"]
[Round "1.5"]
[White "Sondermeijer, Damien"]
[Black "Fruchard, Alois"]
[Result "1-0"]
[WhiteElo "1410"]
[BlackElo "1405"]
[Annotator "Rivier,Sylvain"]
[PlyCount "89"]
[EventDate "2018.??.??"]

{D�fense est-indienne, variante yougoslave} 1. Nf3 Nf6 2. g3 g6 3. Bg2 Bg7 4.
c4 d6 5. d4 O-O 6. O-O c5 7. Nc3 Nc6 8. e3 Bf5 9. b3 Nb4 10. Bb2 Qa5 11. Ne1
Rab8 12. a3 Nc6 13. Nc2 Bxc2 14. Qxc2 cxd4 15. b4 Qc7 16. Nb5 Qd7 17. Nxd4 Rfc8
18. Rfd1 Ne5 19. c5 dxc5 20. bxc5 Qe8 21. Nb3 Nc6 22. e4 Rd8 23. f3 b6 24. cxb6
Rxb6 25. e5 Nd5 26. f4 e6 27. Nc5 Rdb8 28. Bxd5 exd5 29. Bc3 Qd8 30. Qd2 Rb5
31. Bb4 Bf8 32. Qxd5 Qxd5 33. Rxd5 a5 34. Nd7 axb4 35. Nxb8 Rxb8 36. axb4 Rxb4
37. Kg2 Nd4 38. Ra2 Nb5 39. Rd8 Kg7 40. Raa8 Rb2+ 41. Kh3 Bc5 42. Rab8 Bg1 43.
Kg4 h5+ 44. Kg5 Nd4 45. Rg8+ 1-0

[Event "17e tournoi d'automne - tournoi B"]
[Site "Montigny le Bretonneux"]
[Date "2018.10.21"]
[Round "2.1"]
[White "Fayolle, Guy"]
[Black "Vadillo, Torre Ismael"]
[Result "0-1"]
[WhiteElo "1677"]
[BlackElo "1622"]
[Annotator "Rivier,Sylvain"]
[PlyCount "142"]
[EventDate "2018.??.??"]

{Partie italienne} 1. e4 e5 2. Nf3 Nc6 3. Bc4 Be7 4. c3 d6 5. d4 exd4 6. cxd4
Nf6 7. Nc3 O-O 8. h3 h6 9. Be3 a6 10. a4 Nxe4 11. Nxe4 d5 12. Bd3 dxe4 13. Bxe4
Bb4+ 14. Ke2 Re8 15. Qc2 Be6 16. Bxc6 bxc6 17. Qxc6 Bd5 18. Qc2 c6 19. Rhd1 Qf6
20. Rac1 Qe6 21. Qd3 Bb3 22. Rg1 Bxa4 23. Nd2 Bb5 24. Nc4 f5 25. Kd1 Rad8 26.
Qb3 a5 27. Nd2 Bxd2 28. Qxe6+ Rxe6 29. Kxd2 f4 30. Bxf4 Rxd4+ 31. Kc3 Rxf4 32.
f3 Rc4+ 33. Kd2 Rd6+ 34. Ke2 Re6+ 35. Kf2 Rb4 36. Rc2 Rd6 37. Re1 Rbd4 38. Kg3
a4 39. Re3 Kf7 40. Rec3 Rd2 41. Rc5 Rxc2 42. Rxc2 Kf6 43. Kf4 g5+ 44. Ke3 Re6+
45. Kf2 Ke5 46. Rd2 h5 47. g3 Bc4 48. Rc2 Kd4 49. f4 Kd3 50. Rc3+ Kd4 51. Kf3
g4+ 52. hxg4 Be2+ 53. Kf2 Bxg4 54. Ra3 Bd1 55. Rc3 Bb3 56. Rc1 c5 57. Rc3 c4
58. Rc1 Ke4 59. Rc3 Kd4 60. Rc1 Rf6 61. Kf3 Re6 62. Kf2 Kd3 63. Rc3+ Kd2 64.
Kf3 Rd6 65. f5 Rd3+ 66. Kf4 Rd8 67. Rf3 Kc1 68. Rf2 Bc2 69. f6 Kxb2 70. f7 a3
71. Kg5 a2 0-1

[Event "17e tournoi d'automne - tournoi B"]
[Site "Montigny le Bretonneux"]
[Date "2018.10.21"]
[Round "2.2"]
[White "Couradin, Jean-Marie"]
[Black "Sondermeijer, Damien"]
[Result "1-0"]
[WhiteElo "1613"]
[BlackElo "1410"]
[Annotator "Rivier,Sylvain"]
[PlyCount "85"]
[EventDate "2018.??.??"]

{Partie du pion dame} 1. d4 d5 2. Nf3 e6 3. Bf4 c5 4. e3 Nc6 5. c3 Nf6 6. Be2
cxd4 7. exd4 Bd6 8. Ne5 Bd7 9. Nd2 Qc7 10. Ndf3 Ng4 11. Nxg4 Bxf4 12. g3 Bd6
13. O-O f6 14. Ne3 O-O-O 15. c4 dxc4 16. Nxc4 Be8 17. Rc1 Qf7 18. Qb3 Kb8 19.
Rfd1 g5 20. Ne3 Na5 21. Qc2 h5 22. h4 g4 23. Nd2 f5 24. d5 f4 25. dxe6 Qxe6 26.
Nf5 Bg6 27. Bd3 Rc8 28. Qb1 Rxc1 29. Rxc1 Nc6 30. Nxd6 Qxd6 31. Bxg6 Qxd2 32.
Rd1 Qa5 33. gxf4 Qb6 34. Kg2 Ne7 35. Be4 Qf6 36. Kg3 Rf8 37. Qc1 Nf5+ 38. Bxf5
Qxf5 39. Qd2 a6 40. Qd6+ Ka8 41. Rd5 Qe4 42. Qxf8+ Ka7 43. Qc5+ 1-0

[Event "17e tournoi d'automne - tournoi B"]
[Site "Montigny le Bretonneux"]
[Date "2018.10.21"]
[Round "2.3"]
[White "Sagon, Lancelot"]
[Black "Flamand, Arthur"]
[Result "1/2-1/2"]
[WhiteElo "1673"]
[BlackElo "1495"]
[Annotator "Rivier,Sylvain"]
[PlyCount "104"]
[EventDate "2018.??.??"]

{D�fense sicilienne, fianchetto acc�l�r�} 1. e4 c5 2. Nf3 g6 3. Nc3 Bg7 4. d4
cxd4 5. Nxd4 Nc6 6. Be3 Nf6 7. g3 d5 8. Bg2 dxe4 9. Nxc6 Qxd1+ 10. Rxd1 bxc6
11. Nxe4 Nd5 12. Bd4 f6 13. Nc3 Bb7 14. O-O Kf7 15. f4 Rhd8 16. Nxd5 cxd5 17.
b3 Ba6 18. Rfe1 Rac8 19. c3 e5 20. fxe5 fxe5 21. Bxe5 Bxe5 22. Rxe5 Rxc3 23.
Rexd5 Rxd5 24. Bxd5+ Kf6 25. Rd2 Rc1+ 26. Kg2 Ke5 27. Bf3 Bf1+ 28. Kf2 Ba6 29.
h4 Rf1+ 30. Kg2 Ra1 31. Rd5+ Ke6 32. Ra5 Bd3 33. Rxa7 Bc2 34. Ra6+ Ke5 35. Ra5+
Kd4 36. Rd5+ Kc3 37. Rc5+ Kb2 38. Ra5 Bxb3 39. Rb5 Rxa2 40. Bd5 Kc3+ 41. Kf3
Bd1+ 42. Kf4 Rf2+ 43. Kg5 Rf5+ 44. Kh6 Rh5+ 45. Kg7 Ba4 46. Rc5+ Kd2 47. Rc4
Bb3 48. Rd4+ Kc3 49. Bxb3 Kxd4 50. Bg8 Ke3 51. Bxh7 Kf3 52. Kxg6 Kxg3 1/2-1/2

[Event "17e tournoi d'automne - tournoi B"]
[Site "Montigny le Bretonneux"]
[Date "2018.10.21"]
[Round "2.4"]
[White "Gazay, Didier"]
[Black "Branson, James"]
[Result "0-1"]
[WhiteElo "1657"]
[BlackElo "1582"]
[Annotator "Rivier,Sylvain"]
[PlyCount "78"]
[EventDate "2018.??.??"]

{Gambit dame, d�fense slave, variante d'�change} 1. c4 c6 2. g3 d5 3. cxd5 cxd5
4. d4 Nc6 5. Nc3 Nf6 6. Bg2 e6 7. Nf3 Be7 8. O-O O-O 9. h3 Bd7 10. Ne5 Rc8 11.
Nxd7 Qxd7 12. e3 g6 13. Bd2 Nh5 14. Qg4 f5 15. Qe2 Nf6 16. Rfd1 Ne4 17. Be1 Bd6
18. Kh2 Nd8 19. a3 Nf7 20. f3 Nxc3 21. Bxc3 a6 22. e4 f4 23. e5 fxg3+ 24. Kxg3
Be7 25. h4 Nh6 26. Bh3 Nf5+ 27. Bxf5 Rxf5 28. Rh1 Rcf8 29. Raf1 Qd8 30. f4 Rh5
31. Qg4 Rff5 32. Rc1 Qb6 33. Rc2 Qb3 34. Qe2 b5 35. Rh2 a5 36. Kg4 b4 37. axb4
axb4 38. Be1 Rxf4+ 39. Kxf4 Rf5+ 0-1

[Event "17e tournoi d'automne - tournoi B"]
[Site "Montigny le Bretonneux"]
[Date "2018.10.21"]
[Round "2.5"]
[White "Fruchard, Alois"]
[Black "Couronne, Patrice"]
[Result "0-1"]
[WhiteElo "1405"]
[BlackElo "1614"]
[Annotator "Rivier,Sylvain"]
[PlyCount "86"]
[EventDate "2018.??.??"]

{D�fense est-indienne} 1. d4 Nf6 2. c4 d6 3. Nc3 g6 4. e4 Bg7 5. Nf3 O-O 6. Bg5
Nbd7 7. Bd3 c5 8. d5 Ng4 9. Qd2 Nde5 10. Nxe5 Nxe5 11. Be2 Re8 12. f4 Ng4 13.
h3 Nf6 14. g4 h6 15. Bh4 Nh7 16. f5 g5 17. Bg3 e6 18. Bf3 exf5 19. gxf5 Bxf5
20. O-O-O Bc8 21. Nb5 Be5 22. Bxe5 Rxe5 23. Rdf1 a6 24. Nc3 Bd7 25. Qf2 f5 26.
exf5 Rxf5 27. Qc2 Qf6 28. Bg2 Rf8 29. Ne4 Qe5 30. Rxf5 Rxf5 31. Qb3 b5 32. cxb5
axb5 33. a3 Nf6 34. Nxf6+ Rxf6 35. Rf1 Rxf1+ 36. Bxf1 Qf4+ 37. Kc2 Qxf1 38. Qe3
Qg2+ 39. Kb1 Qxd5 40. Qe7 Qe6 41. Qd8+ Kg7 42. Qb6 Qe1+ 43. Kc2 Bf5+ 0-1

[Event "17e tournoi d'automne - tournoi B"]
[Site "Montigny le Bretonneux"]
[Date "2018.10.22"]
[Round "3.1"]
[White "Flamand, Arthur"]
[Black "Fayolle, Guy"]
[Result "1-0"]
[WhiteElo "1495"]
[BlackElo "1677"]
[Annotator "Rivier,Sylvain"]
[PlyCount "81"]
[EventDate "2018.??.??"]

{Ouverture Bird} 1. f4 Nf6 2. Nf3 d5 3. e3 Nc6 4. b3 g6 5. Bb2 Bg7 6. Bd3 Nb4
7. Qe2 Nxd3+ 8. Qxd3 Bf5 9. Qb5+ Qd7 10. Qxb7 O-O 11. Ne5 Qd6 12. Ba3 c5 13. d4
Rfb8 14. Qc6 Rc8 15. Qb5 a6 16. Qe2 Ne4 17. O-O Qe6 18. g4 Bxg4 19. Nxg4 cxd4
20. Ne5 dxe3 21. Bb2 Qb6 22. Nd7 Qa7 23. Bxg7 Kxg7 24. Ne5 Qd4 25. Na3 Qb2 26.
Nac4 dxc4 27. Nxc4 Qc3 28. Nb6 Qc5 29. Nxc8 Rxc8 30. Rfe1 Qf5 31. Qxe3 Qg4+ 32.
Kh1 f5 33. c4 Rd8 34. Re2 Qh4 35. c5 Qh5 36. Rg1 Rc8 37. Rc2 Rxc5 38. Rxc5 Nxc5
39. Qxc5 Qf3+ 40. Rg2 Qf1+ 41. Qg1 1-0

[Event "17e tournoi d'automne - tournoi B"]
[Site "Montigny le Bretonneux"]
[Date "2018.10.22"]
[Round "3.2"]
[White "Couronne, Patrice"]
[Black "Couradin, Jean-Marie"]
[Result "1-0"]
[WhiteElo "1614"]
[BlackElo "1613"]
[Annotator "Rivier,Sylvain"]
[PlyCount "67"]
[EventDate "2018.??.??"]

{Gambit dame, variante Meran} 1. d4 d5 2. c4 Nf6 3. Nc3 c6 4. e3 e6 5. Nf3 Nbd7
6. Be2 dxc4 7. Bxc4 b5 8. Bd3 Bb7 9. O-O a6 10. a3 c5 11. dxc5 Nxc5 12. Be2 Qb6
13. b4 Nce4 14. Bb2 Bd6 15. Nxe4 Bxe4 16. Bd4 Qc7 17. Rc1 Qe7 18. Nd2 O-O 19.
Bxf6 gxf6 20. Nxe4 Be5 21. Rc2 f5 22. Nc5 Rfd8 23. Rd2 Rxd2 24. Qxd2 Rd8 25.
Qc2 Kh8 26. f4 Bf6 27. Rd1 Rc8 28. Qd3 Qa7 29. Qd7 Rc7 30. Qe8+ Kg7 31. Rd7
Rxd7 32. Qxd7 Qb6 33. Bh5 Qd8 34. Nxe6+ 1-0

[Event "17e tournoi d'automne - tournoi B"]
[Site "Montigny le Bretonneux"]
[Date "2018.10.22"]
[Round "3.3"]
[White "Sondermeijer, Damien"]
[Black "Sagon, Lancelot"]
[Result "0-1"]
[WhiteElo "1410"]
[BlackElo "1673"]
[Annotator "Rivier,Sylvain"]
[PlyCount "106"]
[EventDate "2018.??.??"]

{D�fense sicilienne, fianchetto acc�l�r�} 1. e4 c5 2. Nf3 g6 3. d4 cxd4 4. Nxd4
Nc6 5. Nc3 Bg7 6. Be3 d6 7. Bb5 Bd7 8. Bxc6 bxc6 9. Nb3 Nf6 10. f3 Qc7 11. Qd2
a5 12. Na4 c5 13. Naxc5 dxc5 14. Nxc5 Bc6 15. Nd3 O-O 16. Bh6 e5 17. Bxg7 Kxg7
18. h4 h5 19. O-O Bb5 20. Rfc1 Bxd3 21. cxd3 Qb6+ 22. Qf2 Qxf2+ 23. Kxf2 Rfc8
24. b3 a4 25. bxa4 Rxc1 26. Rxc1 Rxa4 27. Ra1 Nh7 28. g3 f5 29. Ke3 Kf6 30. Rb1
Nf8 31. Rb8 Ne6 32. Rb2 f4+ 33. gxf4 exf4+ 34. Kf2 Ra5 35. Rd2 Ke5 36. Ke1 Kd4
37. Rb2 Ke3 38. Rb6 Rxa2 39. Kd1 Nd4 40. Kc1 Ra1+ 41. Kb2 Rg1 42. e5 Nxf3 43.
e6 Kxd3 44. e7 Re1 45. Rxg6 Rxe7 46. Rf6 Ke3 47. Kc3 Nxh4 48. Rd6 f3 49. Rd3+
Kf2 50. Rd5 Ke1 51. Rxh5 f2 52. Ra5 f1=Q 53. Ra1+ Kf2 0-1

[Event "17e tournoi d'automne - tournoi B"]
[Site "Montigny le Bretonneux"]
[Date "2018.10.22"]
[Round "3.4"]
[White "Vadillo, Torre Ismael"]
[Black "Gazay, Didier"]
[Result "1-0"]
[WhiteElo "1622"]
[BlackElo "1657"]
[Annotator "Rivier,Sylvain"]
[PlyCount "141"]
[EventDate "2018.??.??"]

{Défense hollandaise} 1. d4 e6 2. c4 f5 3. Nf3 Nf6 4. Nc3 d5 5. Bg5 Be7 6. e3
O-O 7. Be2 c6 8. a4 a5 9. cxd5 exd5 10. O-O Na6 11. Ne5 Nb4 12. Bd3 Nxd3 13.
Qxd3 Qe8 14. Rfc1 Bd6 15. Bf4 Qe7 16. Nf3 Be6 17. Ne2 Ne4 18. Bxd6 Nxd6 19. Ne5
Nf7 20. Nxf7 Rxf7 21. Nf4 Bd7 22. Qc3 Qd6 23. Nd3 Re7 24. Ne5 Be8 25. Qc5 Qf6
26. Qb6 Qd6 27. Qc5 Qd8 28. Qc2 g6 29. Qd2 Qd6 30. Qc3 Rg7 31. Qc5 Qd8 32. Qc3
Qf6 33. Qd2 g5 34. f4 h6 35. Rf1 g4 36. g3 h5 37. Qf2 Rh7 38. Qg2 b6 39. h4
gxh3 40. Qxh3 h4 41. Rf3 Bh5 42. Rf2 hxg3 43. Qxg3+ Bg4 44. Rg2 Rg7 45. Rc1 Rc8
46. Kf2 Rcc7 47. Rh1 Qe6 48. Rgh2 Rh7 49. Rxh7 Rxh7 50. Rxh7 Kxh7 51. Qh4+ Qh6
52. Qxh6+ Kxh6 53. Ke1 Bh5 54. Kd2 Be8 55. Kc3 c5 56. dxc5 bxc5 57. b3 Kh5 58.
Nd3 d4+ 59. exd4 cxd4+ 60. Kxd4 Bf7 61. Kc3 Kg4 62. b4 axb4+ 63. Kxb4 Bd5 64.
Kc5 Be4 65. Kd4 Kg3 66. a5 Kf3 67. a6 Kg4 68. Nf2+ Kf3 69. Nxe4 fxe4 70. a7 e3
71. a8=Q+ 1-0

[Event "17e tournoi d'automne - tournoi B"]
[Site "Montigny le Bretonneux"]
[Date "2018.10.22"]
[Round "3.5"]
[White "Branson, James"]
[Black "Fruchard, Alois"]
[Result "1-0"]
[WhiteElo "1582"]
[BlackElo "1405"]
[Annotator "Rivier,Sylvain"]
[PlyCount "93"]
[EventDate "2018.??.??"]

{Ouverture du pion dame, d�fense est-indienne} 1. d4 Nf6 2. Nf3 g6 3. Bf4 Bg7
4. Qd2 O-O 5. Bh6 d6 6. Bxg7 Kxg7 7. Nc3 Nc6 8. d5 Nb4 9. e4 e5 10. a3 Na6 11.
Bxa6 bxa6 12. O-O Rb8 13. b4 Bg4 14. Qd3 Qc8 15. h3 Bd7 16. Nh2 Nh5 17. Ne2 f5
18. f3 g5 19. g4 fxg4 20. fxg4 Nf4 21. Nxf4 gxf4 22. Kh1 Qe8 23. Rg1 Qg6 24.
Qf3 Kh8 25. g5 c6 26. c4 cxd5 27. cxd5 Rg8 28. h4 h5 29. gxh6 Qxh6 30. h5 Be8
31. Rxg8+ Kxg8 32. Qg4+ Kh8 33. Rg1 Bxh5 34. Qh4 Rf8 35. Rg5 Bf3+ 36. Nxf3
Qxh4+ 37. Nxh4 Rc8 38. Nf5 Rc1+ 39. Kg2 Rc2+ 40. Kf1 Ra2 41. Nxd6 Rxa3 42. Nf7+
Kh7 43. Nxe5 Re3 44. Ng4 Rb3 45. d6 Rxb4 46. d7 Rd4 47. Rd5 1-0

[Event "17e tournoi d'automne - tournoi B"]
[Site "Montigny le Bretonneux"]
[Date "2018.10.23"]
[Round "4.1"]
[White "Fayolle, Guy"]
[Black "Gazay, Didier"]
[Result "1-0"]
[WhiteElo "1677"]
[BlackElo "1657"]
[Annotator "Rivier,Sylvain"]
[PlyCount "85"]
[EventDate "2018.??.??"]

{D�fense fran�aise, variante Tarrasch ferm�e} 1. e4 e6 2. d4 d5 3. Nd2 Nf6 4.
e5 Nfd7 5. Bd3 c5 6. c3 Nc6 7. Ngf3 c4 8. Bb1 b5 9. a3 a5 10. O-O Be7 11. h3
Nb6 12. Nh2 Bd7 13. Qg4 g6 14. f4 Qc7 15. Nhf3 O-O-O 16. b3 cxb3 17. Nxb3 Na4
18. Bd2 Rdf8 19. Bd3 Qb6 20. Bc2 Nb2 21. Ra2 Nc4 22. Bc1 a4 23. Na1 Qa5 24. Bd3
Qxc3 25. Bxc4 bxc4 26. Rd1 Qa5 27. Nc2 Qa7 28. Bd2 Kc7 29. Rb1 h6 30. Qg3 Rb8
31. Bb4 Rb7 32. Qe1 Rhb8 33. Qc3 Rb5 34. Kh2 Qb7 35. Bxe7 Nxe7 36. Nb4 Qa8 37.
Ne1 R8b6 38. Ned3 Qe8 39. Nc5 Bc8 40. Nxa4 Rb8 41. Nc5 Kd8 42. a4 R5b6 43. Nba6
1-0

[Event "17e tournoi d'automne - tournoi B"]
[Site "Montigny le Bretonneux"]
[Date "2018.10.23"]
[Round "4.2"]
[White "Couradin, Jean-Marie"]
[Black "Branson, James"]
[Result "0-1"]
[WhiteElo "1613"]
[BlackElo "1582"]
[Annotator "Rivier,Sylvain"]
[PlyCount "142"]
[EventDate "2018.??.??"]

{Partie du pion dame} 1. d4 Nf6 2. Bf4 d5 3. e3 e6 4. Nf3 Nbd7 5. Nbd2 c5 6. c3
Qa5 7. Bd3 b5 8. O-O Bb7 9. dxc5 b4 10. Nb3 Qa4 11. Qe2 a6 12. cxb4 Qxb4 13. c6
Bxc6 14. Nbd4 Bb7 15. Rfc1 Nc5 16. a3 Qb6 17. Bc2 Bd6 18. Bxd6 Qxd6 19. b4 Ncd7
20. Ba4 O-O 21. Nd2 Rfc8 22. N2b3 e5 23. Nf5 Qe6 24. Ng3 Qb6 25. Na5 Rxc1+ 26.
Rxc1 Rd8 27. Nxb7 Qxb7 28. Nf5 Nb6 29. Bb3 g6 30. Nh4 Rc8 31. Rc2 Rxc2 32. Qxc2
e4 33. g3 Qd7 34. Qd1 Nc4 35. Bxc4 dxc4 36. Qxd7 Nxd7 37. Ng2 Ne5 38. Nf4 c3
39. Ne2 c2 40. a4 Kf8 41. b5 axb5 42. axb5 Ke7 43. Kf1 Kd6 44. Ke1 Nd3+ 45. Kd2
Nxf2 46. Kxc2 Ng4 47. Kd2 Nxh2 48. Ke1 Ng4 49. Kd2 f5 50. Nd4 Ne5 51. Kc3 Kc5
52. Ne6+ Kxb5 53. Nf8 Kc5 54. Nxh7 Kd5 55. Nf6+ Ke6 56. Ne8 Ng4 57. Kd2 Nf6 58.
Nc7+ Ke5 59. Ke2 Nh5 60. Kf2 Kf6 61. Nd5+ Kg5 62. Ne7 Nf6 63. Nc6 Kh5 64. Ne7
Ng4+ 65. Kg2 Ne5 66. Nd5 Kg4 67. Kf2 Kh3 68. Nf4+ Kh2 69. Ne2 Ng4+ 70. Ke1 Nxe3
71. Nf4 Ng2+ 0-1

[Event "17e tournoi d'automne - tournoi B"]
[Site "Montigny le Bretonneux"]
[Date "2018.10.23"]
[Round "4.3"]
[White "Sagon, Lancelot"]
[Black "Couronne, Patrice"]
[Result "0-1"]
[WhiteElo "1673"]
[BlackElo "1614"]
[Annotator "Rivier,Sylvain"]
[PlyCount "96"]
[EventDate "2018.??.??"]

{D�fense sicilienne, variante L�wenthal} 1. e4 c5 2. Nf3 Nc6 3. d4 cxd4 4. Nxd4
Nf6 5. Nc3 e5 6. Nf3 Bb4 7. Bg5 Bxc3+ 8. bxc3 Qa5 9. Bxf6 Qxc3+ 10. Nd2 gxf6
11. Bd3 Nb4 12. Qb1 Rg8 13. g3 d6 14. a3 Nxd3+ 15. cxd3 f5 16. Ke2 f4 17. Rc1
Qa5 18. Nc4 Qd8 19. Qb5+ Ke7 20. Nxe5 dxe5 21. Qxe5+ Kf8 22. Qxf4 Rg6 23. Rc2
Qd4 24. Rac1 Be6 25. f3 Rd8 26. Qe3 Qa4 27. Qc5+ Kg7 28. Qe5+ Kg8 29. Rc3 b5
30. h4 b4 31. axb4 Qxb4 32. h5 Rg7 33. g4 Qe7 34. Qa5 Rg5 35. Qa6 Rb8 36. Qa1
Rgb5 37. Rc7 Rb2+ 38. Ke3 Qg5+ 39. f4 Qh4 40. R7c2 Rxc2 41. Rxc2 Qg3+ 42. Kd4
Rd8+ 43. Ke5 Qxd3 44. f5 Qd6+ 45. Kf6 Bb3+ 46. Kg5 h6+ 47. Kh4 Bxc2 48. Qc3
Qh2+ 0-1

[Event "17e tournoi d'automne - tournoi B"]
[Site "Montigny le Bretonneux"]
[Date "2018.10.23"]
[Round "4.4"]
[White "Fruchard, Alois"]
[Black "Vadillo, Torre Ismael"]
[Result "1-0"]
[WhiteElo "1405"]
[BlackElo "1622"]
[Annotator "Rivier,Sylvain"]
[PlyCount "93"]
[EventDate "2018.??.??"]

{D�fense Gr�nfeld, variante ferm�e} 1. d4 d5 2. c4 c6 3. Nc3 Nf6 4. e3 g6 5.
Nf3 Bg7 6. Bd3 O-O 7. O-O Re8 8. Re1 Nbd7 9. e4 dxe4 10. Nxe4 Nxe4 11. Bxe4 Nb6
12. d5 cxd5 13. cxd5 f5 14. Bc2 Kh8 15. Bb3 Qd6 16. Ng5 Qf6 17. d6 e6 18. Qe2
Bd7 19. Bxe6 h6 20. Qe3 Qxg5 21. Qxb6 Qxc1 22. Raxc1 axb6 23. Bxd7 Rxe1+ 24.
Rxe1 Rd8 25. Re8+ Rxe8 26. Bxe8 g5 27. b3 Kg8 28. Bb5 Kf7 29. f3 Ke6 30. d7 Bf6
31. Kf2 Kd5 32. Ke3 Kc5 33. a4 Kb4 34. g4 fxg4 35. fxg4 Kxb3 36. Kd3 Kb4 37.
Ke4 Kc5 38. Kf5 Bd8 39. Ke6 Kd4 40. Kf7 Ke5 41. Ke8 Bf6 42. d8=Q Bxd8 43. Kxd8
Kd6 44. Kc8 Kd5 45. Kxb7 Kc5 46. h3 Kd6 47. Kxb6 1-0

[Event "17e tournoi d'automne - tournoi B"]
[Site "Montigny le Bretonneux"]
[Date "2018.10.23"]
[Round "4.5"]
[White "Flamand, Arthur"]
[Black "Sondermeijer, Damien"]
[Result "1-0"]
[WhiteElo "1495"]
[BlackElo "1410"]
[Annotator "Rivier,Sylvain"]
[PlyCount "109"]
[EventDate "2018.??.??"]

{Ouverture Bird} 1. f4 c5 2. e3 d5 3. Bb5+ Bd7 4. Qe2 a6 5. Bxd7+ Nxd7 6. Nf3
Ngf6 7. d3 Nb6 8. b3 g6 9. Bb2 Bg7 10. g4 d4 11. g5 Nfd5 12. exd4 Nxf4 13. Qe4
Ne6 14. c3 Qd5 15. Nbd2 cxd4 16. cxd4 Rd8 17. Qxd5 Nxd5 18. Kf2 Nb4 19. Ke2
Nxd4+ 20. Nxd4 Bxd4 21. Bxd4 Rxd4 22. Nf3 Rxd3 23. a3 Rxb3 24. axb4 Rxb4 25.
Rac1 O-O 26. Rc7 Re8 27. Rd1 b5 28. Rdd7 Kf8 29. Ra7 Ra4 30. Nd4 Ra2+ 31. Kf3
Rxh2 32. Rxa6 e5 33. Nxb5 e4+ 34. Kg3 Rh5 35. Nd6 Rxg5+ 36. Kf4 Rf5+ 37. Nxf5
gxf5 38. Kxf5 e3 39. Rd1 Kg7 40. Rg1+ Kh8 41. Kf6 e2 42. Re1 Rg8 43. Kxf7 Rg7+
44. Ke8 Rg8+ 45. Kd7 Rg7+ 46. Kc6 Rg6+ 47. Kb5 Rxa6 48. Kxa6 Kg7 49. Kb5 h5 50.
Kc4 Kg6 51. Kd3 h4 52. Ke3 Kg5 53. Kf3 Kh5 54. Rxe2 h3 55. Kg3 1-0

[Event "17e tournoi d'automne - tournoi B"]
[Site "Montigny le Bretonneux"]
[Date "2018.10.24"]
[Round "5.1"]
[White "Sondermeijer, Damien"]
[Black "Fayolle, Guy"]
[Result "1-0"]
[WhiteElo "1410"]
[BlackElo "1677"]
[Annotator "Rivier,Sylvain"]
[PlyCount "41"]
[EventDate "2018.??.??"]

{D�fense des deux cavaliers, variante principale} 1. e4 e5 2. Nf3 Nc6 3. Bc4
Nf6 4. Ng5 d5 5. exd5 Na5 6. Bb5+ c6 7. dxc6 bxc6 8. Be2 h6 9. Nf3 e4 10. Ne5
Qd4 11. f4 Bc5 12. Rf1 Bd6 13. c3 Qd5 14. b4 Nb7 15. Bc4 Bxe5 16. Bxd5 cxd5 17.
fxe5 Ng4 18. d4 Nxh2 19. Rh1 Ng4 20. Qe2 Nd8 21. Qb5+ 1-0

[Event "17e tournoi d'automne - tournoi B"]
[Site "Montigny le Bretonneux"]
[Date "2018.10.24"]
[Round "5.2"]
[White "Vadillo, Torre Ismael"]
[Black "Couradin, Jean-Marie"]
[Result "1-0"]
[WhiteElo "1622"]
[BlackElo "1613"]
[Annotator "Rivier,Sylvain"]
[PlyCount "63"]
[EventDate "2018.??.??"]

{Gambit dame, d�fense slave} 1. d4 d5 2. c4 Nf6 3. Nc3 c6 4. Nf3 Bf5 5. e3 e6
6. Nh4 Bg4 7. Nf3 Nbd7 8. Be2 dxc4 9. O-O b5 10. a3 Nd5 11. e4 Nxc3 12. bxc3
Nf6 13. Ne5 Bxe2 14. Qxe2 Qc7 15. Ng4 Be7 16. Nxf6+ Bxf6 17. e5 Be7 18. Qg4 g6
19. Bh6 c5 20. Qe4 Kd7 21. d5 Qb8 22. dxe6+ fxe6 23. a4 a6 24. Rfd1+ Kc7 25.
Bg7 Rd8 26. Bf6 Rxd1+ 27. Rxd1 Bxf6 28. exf6 Qe8 29. Qe5+ Kb6 30. a5+ Kb7 31.
Qxc5 Qf8 32. Rd7+ 1-0